| 000 -LEADER |
| fixed length control field |
00596cam a22001817a 4500 |
| 008 - FIXED-LENGTH DATA ELEMENTS--GENERAL INFORMATION |
| fixed length control field |
180718b-- xxu||||| |||| 00| 0 eng d |
| 082 ## - DEWEY DECIMAL CLASSIFICATION NUMBER |
| Classification number |
I548x54 In2p |
| 245 ## - TITLE STATEMENT |
| Title |
Press Commission report |
| 260 ## - PUBLICATION, DISTRIBUTION, ETC. |
| Place of publication, distribution, etc. |
Delhi |
| Name of publisher, distributor, etc. |
Manager of Publications |
| Date of publication, distribution, etc. |
-- |
| 440 ## - SERIES STATEMENT/ADDED ENTRY--TITLE |
| Title |
Chairman: G.S. Rajadhyaksha (1952);P.K. Goswami (1978) |
| 500 ## - GENERAL NOTE |
| General note |
Library has 1 (3 parts), 2 (2 volumes) |
| 650 ## - SUBJECT ADDED ENTRY--TOPICAL TERM |
| Topical term or geographic name entry element |
Goswami, P.K. (1978) |
| 650 ## - SUBJECT ADDED ENTRY--TOPICAL TERM |
| Topical term or geographic name entry element |
Rajadhyaksha, G.S. (1952) |
| 650 ## - SUBJECT ADDED ENTRY--TOPICAL TERM |
| Topical term or geographic name entry element |
Press Commission report |
| 650 ## - SUBJECT ADDED ENTRY--TOPICAL TERM |
| Topical term or geographic name entry element |
Press reports -India |
| 700 ## - ADDED ENTRY--PERSONAL NAME |
| Personal name |
Goswami, P.K. (Chairman) |
| 700 ## - ADDED ENTRY--PERSONAL NAME |
| Personal name |
Rajadhyaksha, G.S. (Chairman) |